Quizzes
Events
Quiz Creation
Community
Videos
Private Events
Remove Ads
Sign In
Join for FREE
Feedback
Dark Mode
Quiz Categories
Sports
Geography
Music
Movies
Television
Just For Fun
Miscellaneous
History
Literature
Language
Science
Gaming
Entertainment
Religion
Holiday
For Kids
Quiz Lab
Recent
Popular Today
Quiz Kudos Today
Editor Picks
Curator Picks
Quizzes by...
Day
Popularity
Type
Ratings
Length
Year
Community
Subscriptions
Recent Discussions
Orange Saloon
Badges
Playlists
Quests
Create
Leaderboards
Showdown
Live 5
Trivia Bingo
Activity
Puzzle Library
Sporcle Events
Private Events
Virtual Trivia
Globe League
Become a Host
Pub Owners
SporcleCon
Opinionation
Our Games
Videos
Blog
Mobile Apps
Partnerships
Remove Ads and Go Orange
Feedback
Literature
Harry Potter
A Song of Ice and Fire
The Hunger Games
Literary Character
Shakespeare
Book
Author
Novel
Poem
Young Adult
Children's Books
Play
Lord of the Rings
Literature
Harry Potter
A Song of Ice and Fire
The Hunger Games
Literary Character
Shakespeare
Book
Author
Novel
Poem
Young Adult
Children's Books
Play
Lord of the Rings
Random Quiz
Search Sporcle
×
Quiz Lab
Quiz Lab
Literature
ultimate
Type in answers that appear in a list
Type in answers that appear in a list
Classic
Best Score? Go Orange.
Ultimate Harry Potter Trivia Stats
Can you name the Ultimate Harry Potter Trivia?
By
sporc_dorc
6m
15 Questions
773 Plays
773 Plays
773 Plays
Comments
Comments
Give Quiz Kudos
Give Quiz Kudos
-
- Ratings
hide this ad
Replay
Link that replays current quiz
Next Quiz
Link to next quiz in quiz playlist
You Got
0%
They Got
Avg Score
63%
Avg Friend Score
Upgrade to see
Score Distribution
Jump to the score distribution portion of the page
Score
0/15
Timer
06:00
0
Plays Today
Questions
Answers
% Correct
Where were Harry's parents killed?
Godric's Hollow
93.9%
What device does Draco Malfoy use to get the Death Eaters into Hogwarts?
Vanishing Cabinet
90%
What is Nymphadora Tonks' mothers name?
Andromeda
78.5%
What form does Luna Lovegoods patronus take?
Rabbit
74.1%
What is the vault number of Gringotts that held the Sorcerer's Stone?
713
73.1%
Who was the Muggle Studies teacher? (Before being murdered by the Dark Lord)
Charity Burbage
71.5%
What is Professor Dumbledore's full name?
Albus Percival Wulfric Brian Dumbledore
69.6%
What forest did Harry and Hermione first encounter the silver doe?
The Forest of Dean
67.9%
Questions
Answers
% Correct
What is Molly Weasley's maiden name?
Prewett
66.4%
What wood is Voldemort's Wand made out of?
Yew
59.2%
What is Nearly Headless Nick's full name?
Sir Nicholas de Mimsy Porpington
56.9%
Who was in charge of the muggle orphanage Tom Riddle used to live in?
Mrs. Cole
45.1%
Which spell conjures a flock of birds?
Avis
44.6%
Who is the referee at the Quidditch World Cup in the Goblet of Fire?
Hassan Mostafa
32%
Who watches Aunt Marge's dogs while she stays at the Dursley's?
Colonel Fubster
30.1%
Quiz Playlist
Details
Report
Send in Message
Add To Playlist
Classic:
Type in answers that appear in a list
Last Updated: Feb 16, 2017
Quiz Scoreboard
CHALLENGE
Sign Up to Join the Scoreboard
Show All
Scores
Hide
Comments
May contain spoilers
Recently Published
9x9 Crossword: Cartoon Network
by jackfrog10
Miscellaneous
3m
College Basketball Coaching Resumes
by pancakes188
Sports
9m
Billboard Blitz: Fleetwood Mac
by CooCooCachoo
Music
15s
More to Explore
Quiz From the Vault
Featured Blog Post
Where Did the Easter Bunny Come From?
hide this ad
You Might Also Like...
Tags
ultimate
Today's Top Quizzes in Literature
Browse Literature
hide this ad
Today's Top Quizzes in ultimate
Browse ultimate
Top Contributed Quizzes in Literature
1
Sneaky Slytherin Logic Puzzle
2
Get The Picture: Black or White Literature
3
5-to-1: Plays
4
A Court of Thorns and Roses (ACoTaR) Logic Puzzle
5
One Thing in Common: Literature
6
One Thing in Common: Literature II
7
One Thing in Common: Literature 3
8
One Thing in Common: Books
9
Literary Siblings Odd One Out III
10
Harry Potter Neighbourly Logic Puzzle #1
Explore More
Trending Topics
Disney
Harry Potter
Marvel
Kpop
Anime
NBA
Crossword
Pokémon
Song
The Office
NFL
WWE
Puzzle
Soccer
Country
hide this ad
More By:
sporc_dorc
Quiz
Plays
Rating
Category
Featured
Created
Ultimate Harry Potter Trivia
773
3.67
Literature
Apr 1, 2010
Harry Potter A-Z
512
3.78
Literature
Apr 21, 2010
Many Faces of Kristen Wiig (SNL)
490
Television
Apr 1, 2010
Go to Creator's Profile
Score Distribution
Quiz Creator Spotlight
sporc_dorc
Follow
Send a Message
Quizzes Created
-
Created Quiz Play Count
-
More By This Creator
Popular Quizzes Today
1
Find the US States - No Outlines Minefield
2
Find the Countries of Europe - No Outlines Minefield
3
The Countries of the World
4
Find the US States
5
Risky Map Clicking: Biggest States A-Z
6
US States
7
Popular People in 1961
8
Movies - When Are They Set?
More Literature Quizzes
'A' Literature Match
Published
Trending Quizzes
Risky Map Clicking: Least Populous States A-Z
1-10 Letter G Words
Risky Map Clicking: Next State Alphabetically
Adjectives in 80s TV Shows
Risky Map Clicking: Biggest States A-Z
Recently Updated
Leaping Animals
pecheneg
Reality TV Shows (A-Z)
bhenderson79
Rickey Henderson's Hall of Fame Teammates
pecheneg
Champions League XIs: Arsenal
pecheneg
Quick Pick: Celebrities in WWE's Hall of Fame
aduchscher
A-Z Keypad Blitz II
pecheneg
Multiple Oscar Actors
pecheneg
Mystery Phrase Blitz: Oscar 'Best Actors'
pecheneg
F. Scott Fitzgerald Novels
LTH
Pick 3 Villains
ddd62291
Trending Topics
NBA
Crossword
Anime
Disney
Marvel
Harry Potter
Kpop
WWE
Song
NFL
Soccer
Country
Pokémon
Puzzle
The Office
Your Account Isn't Verified!
In order to create a playlist on Sporcle, you need to verify the email address you used during registration. Go to your
Sporcle Settings
to finish the process.
Report this User
Report this user for behavior that violates our
Community Guidelines
.
Details:
Send Report
Go to the Sporcle.com Mobile Site →
Comments